00838nam a2200241 i 450000100060000000300090000600500170001500700030003200800410003502000180007608000110009410000370010524500840014225000270022626000460025330000270029949000300032665000300035683000380038685200330042499900170045795201220047419281ES-MaACL20230906152047.0t|020611s2001 sp ||||1| spa d a84-323-1072-7 a316.481 aLorenzo Cadarso, Pedro L.97417510aFundamentos teóricos del conflicto social / cpor Pedro Luis Lorenzo Cadarso. a1ª ed. en castellano. aMadrid : bSiglo XXI de España, c2001. aVII, 272 p. ; c21 cm.1 aSociología y política14aConflicto social.91774380 aSociología y política9178818 aES-MaACLjL-25717 bR.131187 c19281d19281 00104070aATENEOMbATENEOMcDEPO2d2008-01-17eSCl0oL-25717p1019728r2023-02-23 00:00:00w2023-02-23yMONOGRAFIA